High angle of attack and high mack number performance estimation of JF-17 thunder using corrected wind tunnel test data (Record no. 323153)

000 -LEADER
fixed length control field 00435 a2200133 4500
001 - CONTROL NUMBER
control field 88080
082 ## - DEWEY DECIMAL CLASSIFICATION NUMBER
Classification number PR 319
090 ## - LOCALLY ASSIGNED LC-TYPE CALL NUMBER (OCLC); LOCAL CALL NUMBER (RLIN)
-- 41490
-- 41490
100 ## - MAIN ENTRY--PERSONAL NAME
Personal name Shaif Shah, 005908
245 ## - TITLE STATEMENT
Title High angle of attack and high mack number performance estimation of JF-17 thunder using corrected wind tunnel test data
260 ## - PUBLICATION, DISTRIBUTION, ETC.
Place of publication, distribution, etc. Risalpur
Name of publisher, distributor, etc. NUST Risalpur
Date of publication, distribution, etc. 2003
300 ## - PHYSICAL DESCRIPTION
Extent v, 81p.
Accompanying material Jehanzeb Masud, Zubair Islam
500 ## - GENERAL NOTE
General note BE Project Reports
942 ## - ADDED ENTRY ELEMENTS (KOHA)
Institution code [OBSOLETE] CAE NUST
Call number prefix PR 319
Holdings
Withdrawn status Lost status Damaged status Not for loan Collection code Permanent Location Current Location Date acquired Total Checkouts Full call number Barcode Date last seen Price effective from Koha item type
          College of Aeronautical Engineering (CAE) College of Aeronautical Engineering (CAE) 04/03/2017   PR 319 CAEPR-319 04/05/2017 04/05/2017 Book
© 2023 Central Library, National University of Sciences and Technology. All Rights Reserved.